000 00559nam a22001817a 4500
005 20160908110135.0
010 _aENG-115895
020 _a9789381632864
_c795.00
035 _aEN-99427
037 _bDBAD/PUB
082 _a599.9
100 _dAwasthi, Aishwarya
245 _aPhysical antropology and human genetics /
_cby Aishwarya Awasthi
260 _aNew Delhi
_bSatyam Publishing House
_c2013
270 _aN-3/25,Mohan Garden,Uttam Nagar
_bNew Delhi
_e110059
300 _a304p. :
_bill
_c22cm(Hb)
942 _2ddc
_cEN
_h599.9
_mAWA
999 _c102959
_d102959